Histoire de l'art: l'art renaissant

保存先:
書誌詳細
第一著者: Faure, Elie (著者)
フォーマット: 図書
言語:フランス語
出版事項: París Jean-Pierre Faure 1964
主題:
タグ: タグ追加
タグなし, このレコードへの初めてのタグを付けませんか!

MARC

LEADER 00000cam a2200000 a 4500
001 UCP8672
003 CL-VaPUC
008 000310e19640000FR |||||||||||||||||fre|d
082 0 4 |a 701.1  |b FAU  |2 21 
100 0 |a Faure, Elie  |e author  |9 438775 
245 1 0 |a Histoire de l'art: l'art renaissant 
300 |a 381 p 
942 |c BK 
945 |d 20000310 00:00:00  |a crobeson 
260 |a París  |b Jean-Pierre Faure  |c 1964 
650 0 |a Arte   |v Historia  |9 267548 
650 0 |a Arte renacentista   |9 264949 
650 0 |a Renacimiento  |9 255107 
650 0 |a Arte italiano  |9 265547 
650 0 |a Arte francés  |9 345069 
650 0 |a Arte alemán  |9 344212 
583 |a last modification  |c 20140710 09:00:01  |k Rodrigo Vera 
999 |c 285563  |d 285561 
952 |0 0  |1 0  |4 0  |6 701_100000000000000_FAU_1964  |7 0  |8 X  |9 330255  |a BIBHIS  |b BIBHIS  |d 2019-11-20  |i 1391038  |o 701.1 FAU 1964  |p 1391038  |r 2024-01-30  |w 2019-11-20  |y BK_X  |k HIS 
952 |0 0  |1 0  |3 erb  |4 0  |6 701_100000000000000_FAU_1964  |7 0  |8 A  |9 330256  |a BIBART  |b BIBART  |i 5056306  |o 701.1 FAU 1964  |p 5056306  |r 2025-03-13  |w 2019-11-20  |y BK  |z Catalogado en:20140710  |k ART